Statistics for You've heard of the college but in which state is it located?

Click here to take the quiz!

General Stats

  • This quiz has been taken 650 times
  • The average score is 13 of 15

Answer Stats

HintAnswer% Correct
StanfordCalifornia
97%
HarvardMassachusetts
97%
ColumbiaNew York
97%
Cornell (College or Univ.)Iowa
95%
NorthwesternIllinois
92%
PrincetonNew Jersey
92%
DukeNorth Carolina
92%
YaleConnecticut
90%
Notre DameIndiana
90%
DartmouthNew Hampshire
86%
Brigham YoungUtah
86%
BrownRhode Island
85%
Kent StateOhio
83%
GeorgetownDistrict of Columbia
81%
AquinasMichigan
55%

Score Distribution

Percentile by Number Answered

Percent of People with Each Score

Your Score History

You have not taken this quiz